00221nam a2200085Ia 450000500170000000800410001724500500005826000100010899900170011820250523155752.0250523s9999 xx 000 0 und d 0aRuby Rogers Bu Hiç Adil DeğilcSue Limb bALTIN c12097d12097